Statistics for Countries With The Highest Percentage Of Immigrants

Click here to take the quiz!

General Stats

  • This quiz has been taken 53 times
  • The average score is 36 of 50

Answer Stats

%Country% Correct
38.7Saudi Arabia
98%
15.2United States
98%
18.8Germany
95%
77.3Qatar
95%
13.5United Kingdom
95%
30.2Australia
93%
21.3Canada
93%
28.6New Zealand
93%
14.2Spain
93%
19.8Sweden
93%
55.0Bahrain
91%
13.0France
91%
72.8Kuwait
91%
22.6Israel
89%
13.8Netherlands
86%
15.7Norway
86%
46.6Oman
86%
88.1United Arab Emirates
86%
100Vatican City
86%
19.3Austria
84%
17.3Belgium
84%
17.6Ireland
84%
43.1Singapore
84%
47.6Luxembourg
82%
28.9Switzerland
82%
59.0Andorra
80%
26.0Malta
80%
33.9Jordan
77%
19.1Iceland
75%
67.9Liechtenstein
75%
67.8Monaco
75%
15.8Cyprus
73%
16.3San Marino
73%
25.1Lebanon
66%
16.2Bahamas
55%
12.9Maldives
55%
13.3Seychelles
55%
14.6Saint Kitts and Nevis
52%
12.7Barbados
50%
12.8Trinidad and Tobago
48%
30.0Antigua and Barbuda
45%
20.4Nauru
43%
12.7Croatia
41%
19.9Kazakhstan
39%
13.4Costa Rica
36%
15.0Estonia
36%
28.1Palau
36%
15.6Belize
32%
16.4Equatorial Guinea
9%
18.7Gabon
7%

Score Distribution

Percentile by Number Answered

Percent of People with Each Score

Your Score History

You have not taken this quiz